Guess the Kpop groups by pictures - Statistics

General Stats
  • This quiz has been taken 331 times
  • The average score is 15 of 24
Answer Stats
Picture Answer % Correct
Stray Kids
92%
Twice
90%
Aespa
84%
TXT
84%
Mamamoo
83%
Ateez
81%
Itzy
81%
Enhypen
79%
ILLIT
77%
NCT
76%
Shinee
76%
EXO
75%
(G)I-DLE
72%
Kiss Of Life
71%
Kep1er
70%
IZ*ONE
64%
Dreamcatcher
52%
Monsta X
49%
The Boyz
41%
Xdinary Heroes
36%
Purple Kiss
29%
Xikers
21%
Apink
14%
Vixx
14%
No matching quizzes found
Score Distribution
Percent of People with Each Score
Percentile by Number Answered
Your Score History
You have not taken this quiz